000 00431nmm a2200145Ia 4500
008 251105s9999||||xx |||||||||||||||||und||
041 _aspa
100 _aMultatuli, Alexis
245 0 _aLolito
264 _a[Madrid, España] :
_bEditorial La Calle,
_c[Fecha de publicación no identificada]
300 _a329 páginas
650 _aSpanish narrative
856 _uhttps://public.digitaliapublishing.com/a/85080
942 _cCF
999 _c103584
_d103584